[Event "TCh-ROM Divizia A Masculin"]
[Site "Predeal ROM"]
[Date "2006.11.08"]
[Round "5"]
[White "Levay,S"]
[Black "Grecescu,G"]
[Result "1/2-1/2"]
[WhiteElo "2252"]
[BlackElo "2405"]

1.Nf3 d5 2.g3 Nf6 3.Bg2 Nbd7 4.O-O e5 5.d3 Bd6 6.Nbd2 O-O 7.e4 c6 8.a3 a5
9.b3 Qc7 10.Bb2 Re8 11.Nh4 Nf8 12.Kh1 Bg4 13.f3 Bh5 14.Qe1 N6d7 15.Nf5 f6
16.Nxd6 Qxd6 17.Qf2 d4 18.f4 b5 19.Bh3 c5 20.a4 bxa4 21.Nc4 Qc7 22.Rxa4 Bf7
23.fxe5 Nxe5 24.Nxe5 Rxe5 25.Bc1 Be8 26.Ra2 Ng6 27.Bd2 Bc6 28.Bg2 a4 29.Rfa1 Rf8
30.Bf4 axb3 31.cxb3 Nxf4 32.gxf4 Re7 33.Rc1 Bb5 34.Rac2 Bxd3 35.Rxc5 Qd8
36.Rd5 Qe8 37.Qxd4 Bxe4 38.Rdc5 Bxg2+ 39.Kxg2 h6 40.Qc4+ Kh7 41.Qd3+ f5 42.Rg1 Re3
43.Qd5 Rf6 44.Kh1 Re1 45.Rc1 Rxc1 46.Rxc1 Qe3 47.Rf1 Rg6 48.Qxf5 Qxb3 49.Qe4 Qe6
50.Qxe6 Rxe6 51.Kg2 Re3 52.Rb1 Kg6 53.Rb5 Kf6 54.Ra5 g6 55.Rb5 h5 56.h4 Rd3
57.Ra5 Ke6 58.Re5+  1/2-1/2

[Event "10th OIBM"]
[Site "Bad Wiessee GER"]
[Date "2006.11.09"]
[Round "6"]
[White "Belezky,A"]
[Black "Pelletier,Y"]
[Result "0-1"]
[WhiteElo "2390"]
[BlackElo "2588"]

1.Nf3 d5 2.g3 Bg4 3.Bg2 Nd7 4.d3 e6 5.O-O Bd6 6.Qe1 Ne7 7.e4 c5 8.h3 Bh5
9.exd5 Nxd5 10.a3 O-O 11.Nbd2 Re8 12.c4 N5f6 13.d4 a5 14.Ne4 Nxe4 15.Qxe4 Nf6
16.Qh4 Bg6 17.dxc5 Bxc5 18.Ne5 Qb6 19.Bg5 Qxb2 20.Bxf6 gxf6 21.Nxg6 hxg6
22.Rab1 Qxa3 23.Rxb7 Ra7 24.Rb5 Kg7 25.Qe4 Rc7 26.g4 a4 27.g5 Qc3 28.Qf4 Rec8
29.h4 f5 30.Rc1 Qd4 31.Qg3 a3 32.Rbb1 Bd6 33.Qh3 Rxc4 34.Rd1 a2 35.Ra1 Qxd1+
36.Rxd1 Rc1 37.Qb3 a1=Q  0-1

[Event "10th OIBM"]
[Site "Bad Wiessee GER"]
[Date "2006.11.10"]
[Round "7"]
[White "Pavlovic,Milo"]
[Black "Ivanov,MM"]
[Result "1-0"]
[WhiteElo "2507"]
[BlackElo "2451"]

1.Nf3 d5 2.g3 Nf6 3.Bg2 c6 4.O-O Bf5 5.d3 e6 6.c4 dxc4 7.dxc4 Qxd1 8.Rxd1 Nbd7
9.Nc3 h6 10.Be3 Ng4 11.Bd2 Bc5 12.Be1 O-O-O 13.Na4 Be7 14.Nd4 Bg6 15.Ba5 Rde8
16.Nb5 cxb5 17.cxb5 Nc5 18.Rac1 b6 19.Bxb6 axb6 20.Nxb6+ Kc7 21.Nd7 Nf6 22.b6+ Kc8
23.Nxc5 Bxc5 24.Rxc5+ Kb8 25.a4 Rd8 26.Rdc1 Be4 27.a5 Bxg2 28.Kxg2 Rc8 29.b4 Nd5
30.R1c4 Rxc5 31.bxc5 Kb7 32.c6+ Ka6 33.c7 Kb7  1-0

[Event "TCh-NOR 2006-7"]
[Site "Oslo NOR"]
[Date "2006.11.10"]
[Round "1"]
[White "Tisdall,J"]
[Black "Egeli,P"]
[Result "1-0"]
[WhiteElo "2448"]
[BlackElo "2284"]

1.Nf3 d5 2.g3 Nf6 3.Bg2 c6 4.b3 Bf5 5.Bb2 e6 6.O-O Nbd7 7.d3 Bc5 8.c4 O-O
9.a3 a5 10.cxd5 exd5 11.Nbd2 Re8 12.Nd4 Bg4 13.N2f3 Qb6 14.h3 Bxf3 15.Nxf3 Nh5
16.e3 g6 17.Qc2 Bf8 18.Rab1 Bg7 19.b4 axb4 20.Bxg7 Nxg7 21.Rxb4 Qc7 22.Rfb1 Reb8
23.Qb2 Ra7 24.Rc1 Ne8 25.e4 dxe4 26.dxe4 Qa5 27.Rd1 Qc7 28.e5 Ra5 29.h4 Ng7
30.Rbd4 Nf8 31.Bh3 Rba8 32.Rb4 R8a7 33.Rd3 Nge6 34.Rdb3 Nc5 35.Re3 Nce6 36.Reb3 Nc5
37.Re3 Nce6 38.Bxe6 Nxe6 39.Ng5 Qe7 40.Nxe6 Qxe6 41.Rxb7 Rxb7 42.Qxb7 Rb5
43.Qa8+ Kg7 44.Qa4 Rxe5 45.Qd4 f6 46.Rxe5 fxe5 47.Qa7+ Kg8 48.a4 Qd5 49.a5 Qd1+
50.Kh2 Qc2 51.a6 c5 52.Qb8+  1-0

[Event "10th OIBM"]
[Site "Bad Wiessee GER"]
[Date "2006.11.12"]
[Round "9"]
[White "Pavlovic,Milo"]
[Black "Ris,R"]
[Result "1/2-1/2"]
[WhiteElo "2507"]
[BlackElo "2367"]

1.Nf3 d5 2.g3 Nf6 3.Bg2 c6 4.O-O Bg4 5.c4 e6 6.cxd5 exd5 7.d3 Be7 8.Qc2 O-O
9.h3 Bf5 10.Nh4 Be6 11.Nd2 a5 12.Ndf3 Nfd7 13.d4 f5 14.Qb3 Na6 15.Bf4 Qc8
16.Ng5 Nf6 17.Nhf3 Bd7 18.Ne5 Be8 19.Qe3 h6 20.Ngf3 g5 21.Bxg5 hxg5 22.Qxg5+ Kh7
23.Qh4+ Kg7 24.Qg5+ Kh7 25.Qh4+ Kg7  1/2-1/2

[Event "10th OIBM"]
[Site "Bad Wiessee GER"]
[Date "2006.11.12"]
[Round "9"]
[White "Kempter,R"]
[Black "Kostic,Vl"]
[Result "1/2-1/2"]
[WhiteElo "2257"]
[BlackElo "2413"]

1.Nf3 d5 2.g3 c6 3.Bg2 Bg4 4.d3 Nd7 5.O-O e5 6.Qe1 Ngf6 7.e4 dxe4 8.dxe4 Bc5
9.Nbd2 O-O 10.Nc4 Re8 11.a4  1/2-1/2

[Event "RGSU GM"]
[Site "Moscow RUS"]
[Date "2006.11.12"]
[Round "7"]
[White "Kunin,V"]
[Black "Tairova,E"]
[Result "1-0"]
[WhiteElo "2492"]
[BlackElo "2415"]

1.Nf3 d5 2.g3 Nf6 3.Bg2 Bf5 4.d3 e6 5.O-O Be7 6.Nbd2 h6 7.b3 O-O 8.Bb2 Bh7
9.Re1 c5 10.e4 Nc6 11.exd5 exd5 12.Ne5 Nxe5 13.Bxe5 Qd7 14.Nf1 Rfe8 15.Qf3 Bf5
16.Ne3 Be6 17.c4 d4 18.Nf1 b5 19.Bxf6 Bxf6 20.Qc6 Rab8 21.Qxc5 Rec8 22.Qh5 bxc4
23.bxc4 Rb2 24.Reb1 Rcb8 25.Qd1 Bg5 26.h4 Bg4 27.Qe1 Be7 28.Nd2 Ba3 29.Rxb2 Rxb2
30.Rb1 Qa4 31.Rxb2 Bxb2 32.Qe5 Bc3 33.Ne4 Qb4 34.Nd6 Be6 35.Bd5 Qb1+ 36.Kg2 Qxd3
37.Bxe6 fxe6 38.Qxe6+ Kh7 39.h5 Qb1 40.Qe4+ Qxe4+ 41.Nxe4 g6 42.g4 gxh5 43.gxh5 Kg7
44.Kf3 Ba5 45.Ke2 Bc7 46.Kd3 Be5 47.Nc5 Kf7 48.Ke4 Bg7 49.Nb3 Kf6 50.Nxd4 Bf8
51.Kd5 Bb4 52.f4  1-0

[Event "1st ch-Iberoamericano Scheveningen"]
[Site "Ayamonte ESP"]
[Date "2006.11.16"]
[Round "2"]
[White "Barrero Garcia,C"]
[Black "Zuluaga,C"]
[Result "0-1"]
[WhiteElo "2313"]
[BlackElo "2278"]

1.Nf3 d5 2.g3 c6 3.Bg2 Nf6 4.O-O Bg4 5.b3 Nbd7 6.Bb2 Qc7 7.c4 e6 8.d4 Rd8
9.Nc3 Be7 10.Rc1 Qb8 11.Nh4 O-O 12.h3 Bh5 13.cxd5 Nxd5 14.Nf3 Nxc3 15.Rxc3 Nb6
16.Qa1 Nd5 17.Rcc1 Bf6 18.Rfd1 Bg6 19.Ba3 Rfe8 20.Ne5 Be7 21.Bb2 Bh5 22.Rc2 f6
23.Nd3 Bd6 24.Rdd2 f5 25.a3 f4 26.g4 Bg6 27.Rc1 h6 28.Nc5 Bxc5 29.dxc5 e5
30.Rcd1 Bf7 31.Be4 Qc7 32.Qb1 Qe7 33.b4 Qg5 34.Bh7+ Kf8 35.Qf5 g6 36.h4 gxf5
37.hxg5 fxg4 38.gxh6 Re6 39.Bc2 Rxh6 40.Bxe5 Re8 41.Bd6+ Kg7 42.f3 g3 43.Be4 Reh8
44.Be5+ Nf6 45.Bxf4 Rh1+ 46.Kg2 R8h2+ 47.Kxg3 Nh5+ 48.Kg4 Be6+  0-1

[Event "1st ch-Iberoamericano Scheveningen"]
[Site "Ayamonte ESP"]
[Date "2006.11.16"]
[Round "2"]
[White "Izquierdo,D"]
[Black "Vera,R"]
[Result "0-1"]
[WhiteElo "2310"]
[BlackElo "2510"]

1.Nf3 d5 2.g3 Bg4 3.Bg2 c6 4.Ne5 Bf5 5.c4 e6 6.cxd5 exd5 7.O-O Nf6 8.d4 Be7
9.Nc3 O-O 10.f3 Na6 11.e4 Be6 12.Be3 Nc7 13.Kh1 Qc8 14.Nd3 dxe4 15.fxe4 Bh3
16.Nf4 Bxg2+ 17.Kxg2 Qd7 18.Qf3 Rae8 19.Rad1 Bb4 20.e5 Nfd5 21.Bd2 Be7 22.Qh5 Ne6
23.Ncxd5 cxd5 24.Nxe6 fxe6 25.Bg5 Bxg5 26.Qxg5 Qa4 27.Rxf8+ Rxf8 28.Qg4 Qc2+
29.Kg1 Rf5 30.Rf1 Rxf1+ 31.Kxf1 Qc1+ 32.Kg2 Qxb2+ 33.Kh3 Qb6 34.Qg5 Qc7 35.Qd2 h6
36.Kg2 Qc4 37.h4 b5 38.a3 Qb3 39.Kh3 Qxa3 40.Qc2 Qf8 41.Qc6 Qf5+ 42.Kg2 b4
43.Qb7 a5 44.Qb5 Kh7 45.Qxa5 b3  0-1

[Event "Nacional de Mestres"]
[Site "Barreiro POR"]
[Date "2006.11.16"]
[Round "3"]
[White "Damaso,R"]
[Black "Rocha,S"]
[Result "1-0"]
[WhiteElo "2449"]
[BlackElo "2410"]

1.Nf3 d5 2.g3 Nf6 3.Bg2 c5 4.c4 d4 5.e3 Nc6 6.exd4 cxd4 7.O-O Bg4 8.h3 Bxf3
9.Qxf3 e6 10.d3 Be7 11.Na3 O-O 12.Bd2 a5 13.Nc2 Nd7 14.Rfb1 Nc5 15.Qe2 Qd7
16.b3 Bf6 17.a3 Rfd8 18.b4 Na4 19.Qf1 Nc3 20.Re1 Ra7 21.Rec1 Na4 22.Kh1 b6
23.bxa5 bxa5 24.Rab1 Nc5 25.Rb5 Be7 26.Rcb1 a4 27.Nb4 Na5 28.Bf4 Bd6 29.Bg5 Rc8
30.Re1 Nab3 31.Qe2 Ra5 32.Rxa5 Nxa5 33.Nc2 Nab3 34.Bd2 Bf8 35.Bb4 h6 36.Rf1 Re8
37.f4 f5 38.Ne1 Be7 39.Nf3 Bf6 40.Nd2 e5 41.Nxb3 Nxb3 42.Bd5+ Kh8 43.Qg2 Rb8
44.fxe5 Bxe5 45.Bc6 Qc7 46.Rxf5 Bd6 47.c5 Be7 48.Qf3 Nxc5 49.Rxc5 Bxc5 50.Bxc5 Rb1+
51.Kg2 Rb2+ 52.Kf1 Rb1+ 53.Ke2 Qe5+ 54.Qe4 Rb2+ 55.Kd1 Qxc5 56.Qe8+  1-0

[Event "IV Final Russian Cup Women"]
[Site "Moscow RUS"]
[Date "2006.11.16"]
[Round "8"]
[White "Sukhareva,E"]
[Black "Solovjova,V"]
[Result "0-1"]
[WhiteElo "2238"]
[BlackElo "2298"]

1.Nf3 d5 2.g3 c6 3.Bg2 Nf6 4.O-O Bf5 5.d3 e6 6.Nbd2 h6 7.Qe1 Bh7 8.e4 Be7
9.Qe2 O-O 10.Re1 Qc7 11.e5 Nfd7 12.Nf1 c5 13.h4 Nc6 14.Bf4 Rfc8 15.N1h2 Nd4
16.Qd1 Qb6 17.Rb1 Qa5 18.a3 Nxf3+ 19.Bxf3 c4 20.d4 c3 21.b3 Qxa3 22.Ng4 Bf8
23.Ne3 Qe7 24.Ng2 f6 25.g4 fxe5 26.Bxe5 Nxe5 27.Rxe5 Qf7 28.Qe2 Bxc2 29.Rc1 Bxb3
30.Qe3 Bd6 31.Rxe6 Re8 32.Rxe8+ Rxe8 33.Qxc3 Bc4 34.Bd1 Bb8 35.Qd2 Qc7 36.f4 Qe7
37.Bf3 Qa3 38.Kf2 b5 39.Rc3 Qf8 40.Re3 Bd6 41.g5 b4 42.h5 b3 43.Rxe8 Qxe8
44.Nh4 hxg5 45.fxg5 Qe6 46.Ng6 Qh3 47.Ke3 Qf5 48.Kf2 Qc2 49.Ke1 Bg3+  0-1

[Event "1st GMA Cup"]
[Site "Manila PHI"]
[Date "2006.11.17"]
[Round "1"]
[White "De Ramos,J"]
[Black "Paragua,M"]
[Result "0-1"]
[WhiteElo "2211"]
[BlackElo "2587"]

1.Nf3 d5 2.g3 Nf6 3.Bg2 c6 4.c4 Bg4 5.Ne5 Bf5 6.cxd5 cxd5 7.Qa4+ Nbd7 8.Nc3 e6
9.g4 Bg6 10.h4 Bd6 11.d4 h6 12.Nxg6 fxg6 13.Qc2 Kf7 14.h5 g5 15.Qg6+ Kg8
16.Bf3 Nb8 17.Bd2 Nc6 18.e3 Rc8 19.Rc1 a6 20.Rh3 Qe8 21.Qd3 g6 22.hxg6 Kg7
23.Be2 e5 24.dxe5 Nxe5 25.Qf5 Qxg6 26.Qxg6+ Kxg6 27.f4 Nexg4 28.Nxd5 Rxc1+
29.Bxc1 Nxd5 30.Bxg4 Nf6 31.Bf3 g4 32.Rg3 h5 33.Bxb7 h4 34.Rg1 a5 35.e4 Bc5
36.Rf1 g3 37.f5+ Kf7 38.e5 h3 39.exf6 Re8+ 40.Kd1 g2  0-1

[Event "TCh-FIN 2006-7"]
[Site "Vantaa FIN"]
[Date "2006.11.18"]
[Round "4"]
[White "Sepp,O"]
[Black "Maki Uuro,Mi"]
[Result "1/2-1/2"]
[WhiteElo "2471"]
[BlackElo "2400"]

1.Nf3 d5 2.g3 Nc6 3.Bg2 e5 4.d3 Bg4 5.h3 Bxf3 6.Bxf3 Nf6 7.O-O Qd7 8.Bg2 Rd8
9.c3 h6 10.b4 e4 11.dxe4 dxe4 12.Qxd7+ Kxd7 13.Nd2 Re8 14.Rd1 Kc8 15.Nc4 g6
16.Be3 Bg7 17.a4 Kb8 18.b5 Ne5 19.Nxe5 Rxe5 20.c4 Re7 21.Ra2 Rd7 22.Rxd7 Nxd7
23.Bxe4 Nb6 24.Bxb6 cxb6 25.Rd2 Kc7 26.Bd5 Rd8 27.Rd3 Rd7 28.Rf3 f5 29.h4 h5
30.Re3 Bf6 31.Re6 Rd6 32.Rxd6 Kxd6 33.Bf7 Kc5 34.f4 Kb4 35.Bxg6 Kxa4 36.Bxf5 a5
37.bxa6 bxa6 38.e4 Kb3 39.e5 Be7 40.Be6 Bc5+ 41.Kg2 a5 42.Bd7 Kxc4 43.g4 hxg4
44.h5 Bf8 45.e6 Kd5 46.f5 Ke5 47.h6 Kf6 48.h7 Bg7 49.Kg3 Ke7 50.Kxg4 Bc3
51.Kf4 Bb2 52.Ke4 Ba1 53.Kd5 Bb2 54.Kc4 Bh8 55.Kb5  1/2-1/2

[Event "IV Final Russian Cup Women"]
[Site "Moscow RUS"]
[Date "2006.11.19"]
[Round "11"]
[White "Fominykh,M"]
[Black "Solovjova,V"]
[Result "1-0"]
[WhiteElo "2308"]
[BlackElo "2298"]

1.Nf3 d5 2.g3 Nf6 3.Bg2 c6 4.b3 Bf5 5.Bb2 e6 6.O-O Be7 7.d3 h6 8.Nbd2 O-O
9.Qe1 Bh7 10.e4 Qc7 11.Qe2 a5 12.a3 b5 13.Kh1 Nfd7 14.Nd4 Re8 15.f4 Na6 16.Rae1 Rab8
17.Qg4 Nf6 18.Qh3 dxe4 19.Nxe4 Bxe4 20.dxe4 c5 21.Nxe6 Qc8 22.e5 Nh7 23.f5 fxe6
24.f6 Ng5 25.Qh5 c4 26.h4 c3 27.hxg5 cxb2 28.Qg6 Bf8 29.f7+ Kh8 30.Be4  1-0

[Event "SK Liburnija GM"]
[Site "Rijeka CRO"]
[Date "2006.11.19"]
[Round "6"]
[White "Vukic,M"]
[Black "Doric,D"]
[Result "1-0"]
[WhiteElo "2504"]
[BlackElo "2448"]

1.Nf3 d5 2.g3 c6 3.Bg2 Bg4 4.b3 Nd7 5.Bb2 Ngf6 6.O-O e6 7.d3 Bd6 8.Nbd2 O-O
9.h3 Bh5 10.e4 e5 11.Qe1 Re8 12.Nh4 Qc7 13.Kh1 dxe4 14.dxe4 a5 15.a3 Bg6
16.Qe2 Bh5 17.Bf3 Bxf3+ 18.Nhxf3 Nf8 19.Nc4 Ng6 20.Nxd6 Qxd6 21.Rfd1 Qc5
22.Ne1 h5 23.h4 Ng4 24.Nd3 Qe7 25.f3 Nh6 26.Bc1 Red8 27.Be3 a4 28.b4 b5 29.Kg2 Kh7
30.Nc5 f6 31.c4 Qe8 32.Bxh6 Kxh6 33.Nb7 Rxd1 34.Rxd1 Qe6 35.Rd6 Qf7 36.Nd8 Qg8
37.Nxc6 bxc4 38.Rd5 c3 39.Qe3+ Kh7 40.Qxc3 Rc8 41.b5 Ne7 42.Rd2 Qb3 43.Qc5 Rc7
44.Kf2 Qe6 45.Qd6 Qxd6 46.Rxd6 Nc8 47.Rd5 Nb6 48.Rc5 Rb7 49.Na5 Rb8 50.Rc7 Rd8
51.Ke2 Rd4 52.Rc6 Nd7 53.b6  1-0

[Event "1st GMA Cup"]
[Site "Manila PHI"]
[Date "2006.11.20"]
[Round "5"]
[White "Dableo,R"]
[Black "Torre,E"]
[Result "1-0"]
[WhiteElo "2425"]
[BlackElo "2552"]

1.Nf3 d5 2.g3 c6 3.Bg2 Bg4 4.h3 Bh5 5.O-O Nd7 6.d3 e5 7.a4 a5 8.e4 dxe4 9.dxe4 Bc5
10.Nbd2 Qc7 11.Nc4 Ne7 12.Bd2 b6 13.Be3 Bxe3 14.Nd6+ Kf8 15.fxe3 Rd8 16.Ng5 Nf6
17.Rxf6 gxf6 18.Qxh5 Ng6 19.Qh6+ Ke7 20.Nf5+ Ke8 21.Nxh7 Kd7 22.Qg7 Kc8 23.Nxf6 Rd2
24.h4 Rhd8 25.Rc1 Kb8 26.h5 Nf8 27.Ng4 Ka8 28.Nxe5 Ne6 29.Qf6 Rd1+ 30.Rxd1 Rxd1+
31.Kh2 Rd2 32.h6 Ng5 33.Qxg5 Qxe5 34.h7 Qh8 35.Qh6 Ka7 36.e5 Rd8 37.Qxc6 Qxh7+
38.Nh4 f6 39.exf6 Qf7 40.e4  1-0

[Event "SK Liburnija GM"]
[Site "Rijeka CRO"]
[Date "2006.11.20"]
[Round "7"]
[White "Cvitan,O"]
[Black "Pavasovic,D"]
[Result "1/2-1/2"]
[WhiteElo "2529"]
[BlackElo "2575"]

1.Nf3 d5 2.g3 Bg4 3.Bg2 Nd7 4.d4 c6 5.O-O Ngf6 6.Nbd2 e6 7.Re1 Be7 8.c3 O-O
9.e4 Bh5 10.Qb3 Rb8  1/2-1/2

[Event "19th Belgrade Trophy"]
[Site "Belgrade SRB"]
[Date "2006.11.22"]
[Round "1"]
[White "Pavlovic,Milo"]
[Black "Dimitrijevic,Sr"]
[Result "1/2-1/2"]
[WhiteElo "2507"]
[BlackElo "2308"]

1.Nf3 d5 2.g3 c6 3.Bg2 Bg4 4.O-O Nf6 5.d4 Nbd7 6.Nbd2 e6 7.Re1 Be7 8.e4 dxe4
9.Nxe4 O-O 10.c3 Nxe4 11.Rxe4 Bf5 12.Re1 Qb6 13.Qb3 a5 14.Ne5 Qxb3 15.axb3 Nb6
16.Bf4 Nd5 17.Bd2 Bc2 18.Nc4 Bd8 19.b4 a4 20.Nd6 b5 21.Nb7 Ra7 22.Rec1 Rxb7
23.Rxc2 Be7 24.b3 axb3 25.Rb2 Rc8 26.Rxb3 Kf8 27.Rba3 Ke8 28.Ra7 Rbc7 29.Bxd5 exd5
30.Rxc7 Rxc7 31.Ra8+ Kd7 32.Rg8 Bf6 33.g4 h6 34.h4 Rc8 35.Rxc8 Kxc8 36.h5 Kd7
37.Kg2 Ke6 38.f4 Bh4 39.Kh3 Be7 40.f5+ Kd7 41.Bf4 f6  1/2-1/2

[Event "19th Belgrade Trophy"]
[Site "Belgrade SRB"]
[Date "2006.11.23"]
[Round "2"]
[White "Lalev,D"]
[Black "Khropov,B"]
[Result "1-0"]
[WhiteElo "2409"]
[BlackElo "2277"]

1.Nf3 d5 2.g3 Nf6 3.Bg2 c6 4.c4 dxc4 5.O-O Bf5 6.Na3 b5 7.b3 cxb3 8.axb3 e6
9.Bb2 Be7 10.Nh4 b4 11.Nc4 O-O 12.Nxf5 exf5 13.Qc2 g6 14.Na5 Qd6 15.Nxc6 Nxc6
16.Qxc6 Qxc6 17.Bxc6 Rac8 18.Rfc1 Ne4 19.Rc2 Nxd2 20.Rxd2 Rxc6 21.Rxa7 Bg5
22.e3 Re6 23.Rb7 Be7 24.Rdd7 Re8 25.Bd4 h6 26.h4 g5 27.h5 Re4 28.Kg2 Re6
29.Kf3 f6 30.Rd5 Kf7 31.Rxf5 Rc6 32.g4 Ke6 33.Ra5 Bf8 34.Raa7 Re7 35.Rxe7+ Bxe7
36.Rb7 Rc1 37.Ke4 Rb1 38.Rb6+ Kf7 39.Kf5 Rf1 40.f4 gxf4 41.exf4 Rc1 42.Bxf6  1-0

[Event "1st GMA Cup"]
[Site "Manila PHI"]
[Date "2006.11.23"]
[Round "9"]
[White "Dableo,R"]
[Black "Onischuk,Al"]
[Result "0-1"]
[WhiteElo "2425"]
[BlackElo "2668"]

1.Nf3 d5 2.g3 Nf6 3.Bg2 e6 4.O-O Be7 5.d3 b6 6.c3 Bb7 7.a4 O-O 8.Qc2 c5 9.Re1 Nbd7
10.Nbd2 h6 11.h3 Re8 12.e4 c4 13.dxc4 dxe4 14.Nd4 Nc5 15.Re3 Rc8 16.b4 Nd3
17.Nxe4 Nxb4 18.cxb4 Qxd4 19.Bb2 Qxc4 20.Qxc4 Rxc4 21.Nxf6+ Bxf6 22.Bxf6 Bxg2
23.Bxg7 Kxg7 24.Kxg2 Rxb4 25.a5 b5 26.Rd3 Re7 27.a6 Rc7 28.Ra2 Ra4 29.Rb2 Rc5
30.Rd6 Kf6 31.g4 Ke7 32.Rbd2 Rc7 33.Kg3 Ra3+ 34.Kg2 Kf6 35.Rb2 Rc5 36.Rd7 Rxa6
37.Rb7 Ra5 38.Rb3 Kg6 39.Rf3 f5 40.Re3 Ra6 41.Rd3 fxg4 42.hxg4 h5 43.gxh5+ Rxh5
44.Rg3+ Kf6 45.Rf3+ Rf5 46.Rxb5 Rxf3 47.Kxf3 Ra1 48.Kf4 a6 49.Rb7 Ra4+ 50.Kf3 Ke5
51.Rb6 Kd5 52.Ke3 Ra3+ 53.Ke2 e5 54.Rb8 a5 55.Rd8+ Ke4 56.Rd2 a4 57.Rd8 Ra2+
58.Kf1 Rc2 59.Ra8 Rc4 60.Ke2 Kd4 61.Kd2 Kc5 62.Ra5+ Kb4 63.Rxe5 a3 64.Re8 a2
65.Ra8 Kb3  0-1

[Event "Capablanca mem Open"]
[Site "Havana CUB"]
[Date "2006.11.24"]
[Round "4"]
[White "Hernandez,T"]
[Black "Otero,D"]
[Result "1/2-1/2"]
[WhiteElo "2201"]
[BlackElo "2423"]

1.Nf3 d5 2.g3 Bg4 3.Bg2 c6 4.b3 Nd7 5.Bb2 e6 6.O-O f5 7.d3 Ngf6 8.Nbd2 Bc5
9.Qe1 O-O 10.e4 f4 11.e5 Ne8 12.d4 Be7 13.Qc1 g5 14.h3 Bh5 15.g4 Bg6 16.Re1 h5
17.c4 Rf7 18.Ba3 Nf8 19.Bf1 Rh7 20.Kg2 Ng7 21.Bxe7 Qxe7 22.Qc3 hxg4 23.hxg4 Nf5
24.gxf5 Bxf5 25.Bd3 g4 26.Bxf5 exf5 27.Rh1 gxf3+ 28.Kxf3 Ne6 29.Rag1+ Kh8
30.Ke2 Rg8 31.Nf3 Rxg1 32.Rxg1 Rg7 33.Rxg7 Kxg7 34.cxd5 cxd5 35.Qa5 Qd7 36.Qxa7 Qb5+
37.Ke1 Kg6 38.Qb8 Qb4+ 39.Kf1 Qe7 40.Qg8+ Kh6 41.Nh4 Qxh4 42.Qxe6+ Kg7 43.Qxd5  1/2-1/2

[Event "19th Belgrade Trophy"]
[Site "Belgrade SRB"]
[Date "2006.11.25"]
[Round "4"]
[White "Bogosavljevic,B"]
[Black "Perunovic,L"]
[Result "1-0"]
[WhiteElo "2375"]
[BlackElo "2106"]

1.Nf3 d5 2.g3 Bg4 3.Ne5 Bh5 4.c4 c6 5.Qb3 Qb6 6.Qxb6 axb6 7.cxd5 cxd5 8.Nc3 e6
9.e4 dxe4 10.Bb5+ Kd8 11.O-O Nf6 12.d3 Bb4 13.Be3 Bc5 14.Bxc5 bxc5 15.dxe4 Ke7
16.f3 Rd8 17.g4 Bg6 18.h4 h5 19.g5 Nfd7 20.Nc4 f6 21.Rad1 Be8 22.f4 Na6 23.Nd6 Nc7
24.Nxb7 Nxb5 25.Nxd8 Nxc3 26.Nc6+ Kf8 27.bxc3 Rxa2 28.f5 exf5 29.exf5 Ra6
30.Nd8 Ke7 31.Ne6 g6 32.Nc7  1-0

[Event "19th Belgrade Trophy"]
[Site "Belgrade SRB"]
[Date "2006.11.26"]
[Round "5"]
[White "Pavlovic,Milo"]
[Black "Arbutina,S"]
[Result "1-0"]
[WhiteElo "2507"]
[BlackElo "2319"]

1.Nf3 d5 2.g3 c6 3.Bg2 Bg4 4.c4 e6 5.O-O Nf6 6.d3 Nbd7 7.cxd5 cxd5 8.Nc3 Be7
9.h3 Bxf3 10.Bxf3 O-O 11.Bg2 Rc8 12.e4 dxe4 13.dxe4 e5 14.Qe2 Bc5 15.Rd1 Qc7
16.g4 Nb6 17.g5 Ne8 18.Nb5 Qb8 19.h4 g6 20.Bh3 Rc6 21.a4 a6 22.Nc3 Bd4 23.Bd2 Nc7
24.a5 Nc4 25.Be1 Qd8 26.Ra4 Nd6 27.Kh1 Ndb5 28.f4 Qe8 29.Nd5 Nxd5 30.exd5 Rc5
31.Bb4 Rxd5 32.Bxf8 Kxf8 33.Bg2 Rc5 34.Rc4 Rxc4 35.Qxc4 Qd7 36.Qc5+ Kg8 37.Qxe5 Qg4
38.Rxd4 Nxd4 39.Qxd4 Qxh4+ 40.Kg1 Qe1+ 41.Kh2 Qh4+ 42.Bh3 h6 43.Kg2 hxg5
44.Qd8+  1-0

[Event "19th Belgrade Trophy"]
[Site "Belgrade SRB"]
[Date "2006.11.28"]
[Round "7"]
[White "Jokic,Mio"]
[Black "Toth,Al"]
[Result "0-1"]
[WhiteElo "2168"]
[BlackElo "2288"]

1.Nf3 d5 2.g3 Nf6 3.Bg2 c6 4.d4 Bf5 5.O-O e6 6.Nbd2 Nbd7 7.Nh4 Bg4 8.Qe1 Be7
9.Nhf3 Bf5 10.c3 h6 11.Ne5 O-O 12.Nxd7 Qxd7 13.f3 Bh7 14.e4 dxe4 15.fxe4 c5
16.d5 exd5 17.exd5 Rae8 18.c4 Bd6 19.Qd1 Bd3 20.Re1 Rxe1+ 21.Qxe1 Re8 22.Qf2 Ng4
23.Bh3 f5 24.Qf3 Be2 25.Qb3 Be5 26.Nf3 Bxf3 27.Qxf3 Bd4+ 28.Kg2 Re1  0-1

[Event "Capablanca mem Open"]
[Site "Havana CUB"]
[Date "2006.11.28"]
[Round "8"]
[White "Mena Crespo,C"]
[Black "Blanco,H"]
[Result "1/2-1/2"]
[WhiteElo "2413"]
[BlackElo "2426"]

1.Nf3 d5 2.g3 c6 3.Bg2 Bf5 4.c4 e6 5.cxd5 exd5 6.O-O h6 7.d3 Nf6 8.Nd4 Bh7
9.e4 dxe4 10.dxe4 Bc5 11.Be3 Bxe4 12.Nxc6 Nxc6 13.Bxc5 Bxg2 14.Kxg2 Qd5+
15.Qxd5 Nxd5 16.Re1+ Kd7 17.Na3 Rhe8 18.Red1 Ke6 19.Rd2 Red8 20.Re1+ Kf5
21.Red1 Nf6 22.Rxd8 Nxd8 23.Bxa7 Nc6 24.Bc5 Ra5 25.Bf8 Kg6 26.Ra1 Rd5 27.Nc4 Nd7
28.Ba3 b5 29.Ne3 Rd2 30.Rc1 Nde5 31.Rc2 Rxc2 32.Nxc2 Nd3 33.b4 Nce5 34.Kf1 Kf5
35.Ke2 Ke4 36.Ne3 Nf3 37.Nd1 Nd4+ 38.Kd2 Nf3+ 39.Kc2 Nde1+ 40.Kc3 Nxh2 41.Bc1 Ng4
42.Bd2 Nf3 43.Bf4 g5 44.Bc7 h5 45.a4 bxa4 46.b5 Kd5 47.Kb4 Ke6 48.b6 Kd7
49.Kxa4 Kc6 50.Ka5 Kb7 51.Nc3 Nxf2 52.Na4 Ne4 53.Kb5 Nd4+ 54.Kc4 Ne6 55.Kd5 Nf6+
56.Ke5 Ne8 57.Kf5 N8xc7 58.bxc7 Kxc7 59.Nc3 Kc6 60.Ne4 g4 61.Nf6 Ng7+ 62.Kg5 Kd6
63.Kh6 Nf5+ 64.Kxh5 Ke6 65.Nxg4  1/2-1/2

[Event "ch-ESP Abierto"]
[Site "Leon ESP"]
[Date "2006.11.28"]
[Round "7"]
[White "Martinez Rodriguez,E"]
[Black "Sabater Sanchez,A"]
[Result "1/2-1/2"]
[WhiteElo "1996"]
[BlackElo "2177"]

1.Nf3 d5 2.g3 Nc6 3.Bg2 Bg4 4.O-O Qd7 5.d3 e5 6.Nbd2 Rd8 7.e4 dxe4 8.Nxe4 Be7
9.Re1 Nf6 10.Bg5 Qf5 11.Nxf6+ Bxf6 12.Bxf6 gxf6 13.Nh4 Bxd1 14.Nxf5 Bxc2
15.Rac1 Nb4 16.Re4 Bxd3 17.Rxb4 Bxf5 18.Rxb7 O-O 19.Rxa7 Rd2 20.b3 Rfd8 21.h4 Rd1+
22.Rxd1 Rxd1+ 23.Kh2 Rd2 24.Kg1 Rd1+ 25.Kh2 Rd2 26.Kg1 Rd1+ 27.Kh2  1/2-1/2

[Event "75th ch-UKR w"]
[Site "Odessa UKR"]
[Date "2006.11.28"]
[Round "3"]
[White "Vozovic,O"]
[Black "Zhukova,N"]
[Result "1-0"]
[WhiteElo "2352"]
[BlackElo "2456"]

1.Nf3 d5 2.g3 c5 3.c4 Nf6 4.cxd5 Nxd5 5.Bg2 Nc6 6.Nc3 Nc7 7.O-O e5 8.a3 f6
9.Rb1 a5 10.d3 Be7 11.b3 O-O 12.Bb2 Be6 13.Nd2 Qd7 14.Nc4 Ra6 15.a4 Bh3 16.Nb5 Bxg2
17.Kxg2 Ne6 18.f4 exf4 19.gxf4 f5 20.e4 fxe4 21.f5 Ned4 22.dxe4 Bf6 23.Qd3 Nb4
24.Qg3 Qc6 25.Nxd4 Bxd4 26.Qf3 Nc2 27.Rbc1 Bxb2 28.Rxc2 Bd4 29.e5 Rxf5 30.Qxc6 Rg5+
31.Kf3 Rxc6 32.Ke4 Rc8 33.Rf5 Rg1 34.Re2 g6 35.Rf6 Rg5 36.Kd5 Kg7 37.Nd6 Rd8
38.Rf7+ Kg8 39.Rxb7 Rg1 40.Kc6 Rf1 41.e6 Rf6 42.Rd7  1-0

[Event "ch-ROM w"]
[Site "Predeal ROM"]
[Date "2006.11.30"]
[Round "4"]
[White "Dragomirescu,An"]
[Black "Ciubara,V"]
[Result "1-0"]
[WhiteElo "2237"]
[BlackElo "2168"]

1.Nf3 d5 2.g3 Nf6 3.Bg2 Bg4 4.O-O e6 5.c4 c6 6.b3 Bd6 7.Bb2 Nbd7 8.d4 O-O
9.Nbd2 Qc7 10.Rc1 Rfe8 11.Re1 Rad8 12.Nh4 dxc4 13.bxc4 c5 14.d5 exd5 15.cxd5 Be5
16.Bxe5 Nxe5 17.Qa4 b6 18.f4 Ng6 19.Nxg6 hxg6 20.e4 Bd7 21.Qc4 Rc8 22.e5 b5
23.Qc3 Nh7 24.Ne4 c4 25.Nd6 Nf8 26.Qd4 Rcd8 27.Nxe8 Bxe8 28.Qe3 Nd7 29.d6 Qc5
30.Kf2 Qxe3+ 31.Kxe3 Nc5 32.Red1 f6 33.Rd5 Nd3 34.Rxd3 cxd3 35.Bd5+ Kf8 36.Rc7 fxe5
37.fxe5 d2 38.Kxd2 a6 39.Kc3 Bd7 40.Kd4 Bf5 41.Rf7+ Ke8 42.Rxg7 Rc8 43.Rg8+  1-0

[Event "Polyarniy Krug"]
[Site "Salekhard RUS"]
[Date "2006.11.30"]
[Round "2"]
[White "Dvoirys,S"]
[Black "Musakaev,E"]
[Result "1-0"]
[WhiteElo "2553"]
[BlackElo "2254"]

1.Nf3 d5 2.g3 Nf6 3.Bg2 e6 4.O-O b6 5.c4 Bb7 6.cxd5 exd5 7.d4 Be7 8.Nc3 O-O
9.Ne5 Nbd7 10.Qa4 Nb8 11.Bf4 c6 12.Rad1 b5 13.Qc2 Na6 14.a4 b4 15.Na2 Qb6
16.Nc1 c5 17.dxc5 Nxc5 18.Be3 Qa5 19.Nb3 Nxb3 20.Qxb3 Rfd8 21.Rc1 Rac8 22.Bh3 Rxc1
23.Rxc1 Qa6 24.Rc2 Ne4 25.Bd4 Ng5 26.Bg2 Ne6 27.e3 Nxd4 28.exd4 Qb6 29.Qe3 Bf8
30.Qf4 f6 31.Ng4 Bc8 32.Ne3 Be6 33.Qc7 Rb8 34.b3 Bd6 35.Qxb6 Rxb6 36.Bxd5 Bxd5
37.Nxd5 Rb7 38.Kf1 Kf7 39.Ke2 Ke6 40.Ne3 Kd7 41.Kd3 g6 42.Ke4 Ke6 43.d5+ Kd7
44.Rc6 Rb8 45.Nc4 Be7 46.Ra6 Rb7 47.d6 Bd8 48.Kd5 h5 49.h3 Ke8 50.Ke6 g5
51.Rc6  1-0

[Event "XIV Salona GM"]
[Site "Solin CRO"]
[Date "2006.12.01"]
[Round "8"]
[White "Movsesian,S"]
[Black "Mkrtchian,L"]
[Result "1-0"]
[WhiteElo "2637"]
[BlackElo "2468"]

1.Nf3 d5 2.g3 c6 3.Bg2 Bg4 4.O-O Nd7 5.d3 Ngf6 6.Qe1 e5 7.h3 Bh5 8.e4 dxe4
9.dxe4 Bc5 10.Nbd2 O-O 11.Nc4 Re8 12.a4 Nb6 13.Na5 Rb8 14.Nh4 Nc8 15.Bg5 h6
16.Bd2 Nd6 17.Nb3 Bb6 18.Bb4 Bc7 19.Kh1 Nd7 20.f3 Qf6 21.Rd1 Rbd8 22.Rd3 b6
23.f4 c5 24.Bc3 Qe7 25.Nd2 f6 26.g4 Bf7 27.f5 Nf8 28.Rg3 Nc4 29.Nxc4 Bxc4
30.Rg1 Rd6 31.Nf3 Nh7 32.h4 Ba6 33.Bf1 Bb7 34.Bc4+ Kf8 35.Rh3 Rd4 36.Bxd4 exd4
37.Be6 Qd6 38.g5 Rxe6 39.fxe6 Qxe6 40.Qf1 Bxe4 41.g6 Ng5 42.hxg5 hxg5 43.Qg2 Bf4
44.Re1 Be3 45.Qg3 g4 46.Rh8+ Ke7 47.Qc7+ Qd7 48.Qxd7+ Kxd7 49.Kg2 Bxf3+ 50.Kg3 f5
51.Rf8 Ke6 52.Rf1 Be4 53.Re8+ Kd5 54.Re7 f4+ 55.Kxg4 Bxg6 56.Rxg7 Bxc2 57.Rxa7 Kc4
58.Rxf4 Bxf4 59.Kxf4 d3 60.Ke3 Kb3 61.Rb7 Kxb2 62.a5 c4 63.Rxb6+ Kc1 64.Rd6 c3
65.a6 d2 66.a7 Be4 67.Kxe4 d1=Q 68.Rxd1+ Kxd1 69.Kd3  1-0